<?xml version="1.0" encoding="UTF-8"?><?xml-stylesheet type="text/xsl" href="static/style.xsl"?><OAI-PMH xmlns="http://www.openarchives.org/OAI/2.0/" xmlns:xsi="http://www.w3.org/2001/XMLSchema-instance" xsi:schemaLocation="http://www.openarchives.org/OAI/2.0/ http://www.openarchives.org/OAI/2.0/OAI-PMH.xsd"><responseDate>2026-04-14T05:06:22Z</responseDate><request verb="GetRecord" identifier="oai:www.recercat.cat:2072/470613" metadataPrefix="marc">https://recercat.cat/oai/request</request><GetRecord><record><header><identifier>oai:recercat.cat:2072/470613</identifier><datestamp>2025-10-13T10:49:36Z</datestamp><setSpec>com_2072_98</setSpec><setSpec>col_2072_378192</setSpec></header><metadata><record xmlns="http://www.loc.gov/MARC21/slim" xmlns:dcterms="http://purl.org/dc/terms/" xmlns:xsi="http://www.w3.org/2001/XMLSchema-instance" xmlns:doc="http://www.lyncode.com/xoai" xsi:schemaLocation="http://www.loc.gov/MARC21/slim http://www.loc.gov/standards/marcxml/schema/MARC21slim.xsd">
   <leader>00925njm 22002777a 4500</leader>
   <datafield ind2=" " ind1=" " tag="042">
      <subfield code="a">dc</subfield>
   </datafield>
   <datafield ind2=" " ind1=" " tag="720">
      <subfield code="a">Marín-Lahoz, Juan</subfield>
      <subfield code="e">author</subfield>
   </datafield>
   <datafield ind2=" " ind1=" " tag="720">
      <subfield code="a">Martínez-Horta, Saul</subfield>
      <subfield code="e">author</subfield>
   </datafield>
   <datafield ind2=" " ind1=" " tag="720">
      <subfield code="a">Pagonabarraga Mora, Javier</subfield>
      <subfield code="e">author</subfield>
   </datafield>
   <datafield ind2=" " ind1=" " tag="720">
      <subfield code="a">Horta, Andrea</subfield>
      <subfield code="e">author</subfield>
   </datafield>
   <datafield ind2=" " ind1=" " tag="720">
      <subfield code="a">Aracil-Bolaños, Ignacio</subfield>
      <subfield code="e">author</subfield>
   </datafield>
   <datafield ind2=" " ind1=" " tag="720">
      <subfield code="a">Bejr-kasem, Helena</subfield>
      <subfield code="e">author</subfield>
   </datafield>
   <datafield ind2=" " ind1=" " tag="720">
      <subfield code="a">Sampedro, Frederic</subfield>
      <subfield code="e">author</subfield>
   </datafield>
   <datafield ind2=" " ind1=" " tag="720">
      <subfield code="a">Campolongo, Antonia</subfield>
      <subfield code="e">author</subfield>
   </datafield>
   <datafield ind2=" " ind1=" " tag="720">
      <subfield code="a">Kulisevsky, Jaime</subfield>
      <subfield code="e">author</subfield>
   </datafield>
   <datafield ind2=" " ind1=" " tag="720">
      <subfield code="a">Universitat Autònoma de Barcelona</subfield>
      <subfield code="e">author</subfield>
   </datafield>
   <datafield ind2=" " ind1=" " tag="260">
      <subfield code="c">2022</subfield>
   </datafield>
   <datafield ind2=" " ind1=" " tag="520">
      <subfield code="a">Altres ajuts: Fundació la Marató de TV3 (2014/U/477, 20142910); Fondo Europeo de Desarrollo Regional (FEDER); Pla Estratègic de Recerca i Innovació (SLT008/18); CERCA (CEntres de Recerca de Catalunya); CIBERNED (Centro de Investigación Biomédica en Red de enfermedades NEuroDegenerativas).</subfield>
   </datafield>
   <datafield ind2=" " ind1=" " tag="520">
      <subfield code="a">Objective: This study was undertaken to evaluate whether the feedback-related negativity (FRN)-a neurophysiological marker of incentive processing-can be used to predict the development of impulse control disorders (ICDs) in Parkinson disease (PD). Methods: The longitudinal cohort consisted of consecutive nondemented PD patients with no ICD history. We recorded FRN signals while they performed a gambling task. We calculated the mean amplitude difference between losses and gains (FRNdiff) to be used as a predictor of future ICD development. We performed prospective biannual follow-up assessments for 30 months to detect incident ICDs. Finally, we evaluated how basal FRNdiff was associated with posterior development of ICDs using survival models. Results: Between October 7, 2015 and December 16, 2016, we screened 120 patients. Among them, 94 patients performed the gambling and 92 completed the follow-up. Eighteen patients developed ICDs during follow-up, whereas 74 remained free of ICDs. Baseline FRNdiff was greater in patients who developed ICDs than in those who did not (-2.33μV vs -0.84μV, p = 0.001). No other significant baseline differences were found. The FRNdiff was significantly associated with ICD development in the survival models both when not adjusted (hazard ratio [HR] = 0.73, 95% confidence interval [CI] = 0.58-0.91, p = 0.006) and when controlling for dopamine replacement therapy, sex, and age (HR = 0.74, 95% CI = 0.55-0.97, p = 0.035). None of the impulsivity measures evaluated was related to ICD development. Interpretation: Reward-processing differences measured by FRN signals precede ICD development in PD. This neurophysiological marker permits identification of patients with high risk of ICD development. ANN NEUROL 2022;92:974-984.</subfield>
   </datafield>
   <datafield tag="653" ind2=" " ind1=" ">
      <subfield code="a">Biomarkers</subfield>
   </datafield>
   <datafield tag="653" ind2=" " ind1=" ">
      <subfield code="a">Disruptive, Impulse Control, and Conduct Disorders</subfield>
   </datafield>
   <datafield tag="653" ind2=" " ind1=" ">
      <subfield code="a">Dopamine Agonists</subfield>
   </datafield>
   <datafield tag="653" ind2=" " ind1=" ">
      <subfield code="a">Humans</subfield>
   </datafield>
   <datafield tag="653" ind2=" " ind1=" ">
      <subfield code="a">Motivation</subfield>
   </datafield>
   <datafield tag="653" ind2=" " ind1=" ">
      <subfield code="a">Parkinson Disease</subfield>
   </datafield>
   <datafield tag="653" ind2=" " ind1=" ">
      <subfield code="a">Prospective Studies</subfield>
   </datafield>
   <datafield ind2="0" ind1="0" tag="245">
      <subfield code="a">Predicting Impulse Control Disorders in Parkinson Disease through Incentive Biomarkers</subfield>
   </datafield>
</record></metadata></record></GetRecord></OAI-PMH>